| 000 | 00814 a2200205 4500 | ||
|---|---|---|---|
| 999 |
_c713 _d713 |
||
| 020 | _a9781509917839 | ||
| 050 | _aKZ3925 NON 2015 | ||
| 100 |
_aNoortmann, Math, _eeditor |
||
| 245 |
_aNon-state actors in international law / _cedited by Math Noortmann, August Reinisch and Cedric Ryngaert |
||
| 264 |
_aOxford ; Portland, Oregon : _bHart Publishing , _c2015 |
||
| 300 | _axiv, 406 p. | ||
| 440 | _aStudies in international law ; volume 55 Studies in international law (Oxford, England) ; v. 55 | ||
| 500 | _aIncludes bibliographical references (pages 377-398) and index | ||
| 650 | _aNon-state actors (International relations) | ||
| 650 | _aInternational law | ||
| 700 |
_aNoortmann, Math _eeditor |
||
| 700 |
_aReinisch, August _eeditor |
||
| 700 |
_aRyngaert, Cedric _eeditor |
||
| 942 |
_2lcc _cBK _h3925 _iNON _kKZ |
||